[Event "Sveins 10. minneturnering"]
[Site "Oslo"]
[Date "2017.06.23"]
[Round "4"]
[White "Djurhuus, Rune"]
[Black "Sousa, Ludy Helsio P"]
[Result "1-0"]
[WhiteElo "2421"]
[BlackElo "2159"]
[PlyCount "53"]
[EventDate "2017.??.??"]

1. e4 c5 2. Nf3 d6 3. d4 cxd4 4. Nxd4 Nf6 5. Nc3 a6 6. a4 e5 7. Nf3 Be7 8. Bg5
Be6 9. Bxf6 Bxf6 10. Nd5 Nd7 11. a5 Rc8 12. b4 Bxd5 13. Qxd5 Qc7 14. c4 O-O 15.
Be2 b5 16. O-O bxc4 17. Rfc1 c3 18. Bxa6 Rb8 19. Bb5 Rfc8 20. Ra3 Be7 21. Ba6
Rxb4 22. Bxc8 Qxc8 23. a6 Nb6 24. Qa2 Rc4 25. a7 Qa8 26. Raxc3 Ra4 27. Qxa4
1-0

[Event "Sveins 10. minneturnering"]
[Site "Oslo"]
[Date "2017.06.23"]
[Round "4"]
[White "Haubro, Martin"]
[Black "Kaasen, Tor Fredrik"]
[Result "0-1"]
[WhiteElo "2365"]
[BlackElo "2402"]
[PlyCount "106"]
[EventDate "2017.??.??"]

1. e4 e5 2. Nf3 Nc6 3. Bb5 a6 4. Ba4 Nf6 5. O-O Be7 6. Re1 b5 7. Bb3 d6 8. c3
O-O 9. h3 Nb8 10. d4 Nbd7 11. Nbd2 Bb7 12. Bc2 Re8 13. Nf1 Bf8 14. Ng3 g6 15.
a4 Nb6 16. b3 bxa4 17. bxa4 a5 18. Bd3 Qc8 19. Bg5 Bg7 20. Qc1 Ba6 21. Bc2 Nfd7
22. Bh6 Bh8 23. Qg5 Bc4 24. Nf5 Bf6 25. Qg3 Qa6 26. d5 Bd3 27. Bxd3 Qxd3 28.
Re3 Qc2 29. Bg5 Kh8 30. Qh4 Nxd5 31. Nh6 Bxg5 32. Nxg5 N5f6 33. Rf3 Kg7 34.
Nxh7 Kxh7 35. Ng4+ Kg8 36. Nxf6+ Nxf6 37. Qxf6 Rf8 38. Re1 Rae8 39. h4 Re6 40.
Qg5 Qxa4 41. Qh6 Ra8 42. Rxf7 Kxf7 43. Qh7+ Kf6 44. g4 Re7 45. g5+ Ke6 46.
Qxg6+ Kd7 47. h5 Qc4 48. Qf5+ Qe6 49. g6 Qxf5 50. exf5 Rf8 51. h6 Rxf5 52. Re3
Rh5 53. g7 Re8
0-1

[Event "Sveins 10. minneturnering"]
[Site "Oslo"]
[Date "2017.06.23"]
[Round "4"]
[White "Nordquelle, Daniel"]
[Black "Hoi, Carsten"]
[Result "0-1"]
[WhiteElo "2143"]
[BlackElo "2359"]
[PlyCount "84"]
[EventDate "2017.??.??"]

1. e4 g6 2. d4 Bg7 3. Nc3 d6 4. f4 Nc6 5. Nf3 Bg4 6. Be3 Bxf3 7. gxf3 e6 8. d5
exd5 9. Nxd5 Nf6 10. Qd2 Nxd5 11. exd5 Ne7 12. Bd4 Nf5 13. Bxg7 Qh4+ 14. Qf2
Qxf2+ 15. Kxf2 Nxg7 16. Re1+ Kd8 17. Bd3 f5 18. Re3 Re8 19. Rhe1 Rxe3 20. Rxe3
a6 21. c4 Nh5 22. Bc2 b5 23. b4 Kd7 24. Ra3 bxc4 25. Re3 Rf8 26. Ba4+ Kd8 27.
Rc3 Nxf4 28. Bc2 Re8 29. Rxc4 Re2+ 30. Kf1 Rxh2 31. Bxf5 Nxd5 32. Kg1 Rxa2 33.
Be6 Rd2 34. Rh4 Nf6 35. Rf4 Ke7 36. Bc8 Ra2 37. Rc4 Kd8 38. Bb7 a5 39. b5 a4
40. Rf4 Nd7 41. Rf7 a3 42. Rxh7 Rd2
0-1

[Event "Sveins 10. minneturnering"]
[Site "Oslo"]
[Date "2017.06.23"]
[Round "4"]
[White "Haug, Johannes"]
[Black "Lindbøl, Aleksander"]
[Result "1-0"]
[WhiteElo "2335"]
[BlackElo "2076"]
[PlyCount "63"]
[EventDate "2017.??.??"]

1. e4 c6 2. d4 d5 3. e5 Bf5 4. h4 c5 5. Nc3 Nc6 6. Bb5 h6 7. Nge2 e6 8. Be3 c4
9. b3 cxb3 10. axb3 Bb4 11. Bxc6+ bxc6 12. Bd2 Bxc3 13. Bxc3 Ne7 14. Ng3 O-O
15. Bb4 Bh7 16. O-O Re8 17. Nh5 Kh8 18. Qd2 Bf5 19. Ra6 Qb8 20. Nf6 Rc8 21.
Rfa1 Ng8 22. Nh5 Bg4 23. Ng3 f6 24. Bd6 Qb7 25. Qf4 h5 26. f3 fxe5 27. Bxe5 Rf8
28. Qg5 Bf5 29. Nxh5 Rf7 30. R1a2 Qe7 31. Kf2 Nh6 32. Qxh6+
1-0

[Event "Sveins 10. minneturnering"]
[Site "Oslo"]
[Date "2017.06.23"]
[Round "4"]
[White "Kizatbay, Abyl"]
[Black "Grønn, Atle"]
[Result "1/2-1/2"]
[WhiteElo "2134"]
[BlackElo "2331"]
[PlyCount "58"]
[EventDate "2017.??.??"]

1. e4 g6 2. d4 d6 3. g3 Bg7 4. Bg2 c5 5. dxc5 Qa5+ 6. Bd2 Qxc5 7. Nc3 Nf6 8.
Nge2 O-O 9. O-O Nc6 10. Be3 Qa5 11. h3 Be6 12. Nd5 Rfc8 13. c4 Nd7 14. Nec3 Qa6
15. Nb5 Bxd5 16. exd5 Na5 17. b3 Bxa1 18. Qxa1 Nxc4 19. bxc4 Rxc4 20. Rb1 Qa5
21. Bh6 f6 22. Nd4 Nb6 23. Kh2 Qc3 24. Qxc3 Rxc3 25. Be3 Nc4 26. Rxb7 Nxe3 27.
fxe3 Rxe3 28. Nc6 Kf8 29. a4 a5
1/2-1/2

[Event "Sveins 10. minneturnering"]
[Site "Oslo"]
[Date "2017.06.23"]
[Round "4"]
[White "Moen, Andreas G.R."]
[Black "Hansen, Lars-Henrik Bech"]
[Result "1-0"]
[WhiteElo "2330"]
[BlackElo "2019"]
[PlyCount "57"]
[EventDate "2017.??.??"]

1. e4 c5 2. Nf3 d6 3. d4 cxd4 4. Nxd4 Nf6 5. Nc3 g6 6. Be3 Bg7 7. f3 O-O 8. Qd2
Nc6 9. O-O-O d5 10. Kb1 e5 11. Nxc6 bxc6 12. exd5 cxd5 13. Nxd5 Nxd5 14. Qxd5
Qxd5 15. Rxd5 Be6 16. Ra5 f5 17. Be2 f4 18. Bc5 Rf7 19. Rd1 Rc8 20. Ba6 Rb8 21.
Rd6 Rd7 22. Rxd7 Bxd7 23. Bc4+ Kh8 24. Bd6 Rd8 25. Bc7 Re8 26. Bd5 Bf5 27. Rxa7
g5 28. a4 e4 29. fxe4
1-0

[Event "Sveins 10. minneturnering"]
[Site "Oslo"]
[Date "2017.06.23"]
[Round "4"]
[White "Kvisvik, Brede Alex."]
[Black "Ingebretsen, Jens E"]
[Result "0-1"]
[WhiteElo "2310"]
[BlackElo "2014"]
[PlyCount "88"]
[EventDate "2017.??.??"]

1. d4 Nf6 2. Nf3 e6 3. c4 b6 4. g3 Bb7 5. Bg2 Be7 6. O-O O-O 7. Nc3 Ne4 8. Qc2
Nxc3 9. Qxc3 c5 10. dxc5 bxc5 11. Bf4 Qb6 12. Rad1 d5 13. cxd5 exd5 14. b3 Bf6
15. Qc1 Re8 16. Rfe1 a5 17. Bg5 Nd7 18. Nh4 h6 19. Bxf6 Nxf6 20. Nf5 a4 21. Qf4
axb3 22. axb3 Ne4 23. Qg4 Qf6 24. Qf3 d4 25. Rc1 Rab8 26. Qf4 g5 27. Qg4 Re5
28. f3 Nd2 29. Rcd1 Nxb3 30. e4 Bc8 31. f4 Bxf5 32. exf5 Qxf5 33. Qxf5 Rxf5 34.
Be4 Rf6 35. fxg5 hxg5 36. Bd5 Rb4 37. Re5 c4 38. Rxg5+ Kf8 39. Rb1 d3 40. Rg4
d2 41. Rxc4 Rxc4 42. Bxc4 Nc1 43. Rb8+ Ke7 44. Rb7+ Kd8
0-1

[Event "Sveins 10. minneturnering"]
[Site "Oslo"]
[Date "2017.06.23"]
[Round "4"]
[White "Lund, Terje"]
[Black "Westerinen, Heikki M.J."]
[Result "1/2-1/2"]
[WhiteElo "2095"]
[BlackElo "2305"]
[PlyCount "101"]
[EventDate "2017.??.??"]

1. d4 Nf6 2. Nf3 g6 3. g3 Bg7 4. Bg2 O-O 5. c4 d6 6. O-O Nc6 7. Nc3 Bf5 8. b3
Ne4 9. Nd5 Bd7 10. Bb2 e6 11. Nc3 Nxc3 12. Bxc3 e5 13. dxe5 dxe5 14. Qd2 Qe7
15. b4 Rfd8 16. Qb2 Bf5 17. b5 Nd4 18. Nxd4 exd4 19. Bb4 Qe8 20. Bxb7 d3 21.
Bc3 Bxc3 22. Qxc3 dxe2 23. Rfe1 Rab8 24. Bd5 Bg4 25. Rac1 Qe7 26. Rc2 Qc5 27.
Kg2 Re8 28. Qf6 Be6 29. Bc6 Red8 30. Rcxe2 Qxc4 31. h4 Qc5 32. Re5 Qd6 33. Kh2
Qf8 34. Qf4 h5 35. Bf3 Bxa2 36. Bxh5 Re8 37. Bg4 Rxe5 38. Rxe5 Qd6 39. h5 Kg7
40. h6+ Kh7 41. Qe3 Rd8 42. Re8 Rxe8 43. Qxe8 Qd2 44. Kg2 Bd5+ 45. Bf3 Bxf3+
46. Kxf3 Qd5+ 47. Ke3 Qg5+ 48. Kd3 Qf5+ 49. Ke3 Qc5+ 50. Kf3 Qd5+ 51. Ke3
1/2-1/2

[Event "Sveins 10. minneturnering"]
[Site "Oslo"]
[Date "2017.06.23"]
[Round "4"]
[White "Ranaldi, Lucas"]
[Black "Kvendseth, Cornelius"]
[Result "1/2-1/2"]
[WhiteElo "2278"]
[BlackElo "1849"]
[PlyCount "75"]
[EventDate "2017.??.??"]

1. d4 d5 2. c4 e6 3. Nc3 Nf6 4. Bg5 Be7 5. e3 O-O 6. Nf3 b6 7. cxd5 Nxd5 8.
Nxd5 exd5 9. Bxe7 Qxe7 10. Rc1 Be6 11. Bd3 Rc8 12. O-O c5 13. b3 Nd7 14. h3
Rab8 15. Qe2 Nf6 16. Rc2 Rc7 17. Rfc1 h6 18. Qe1 Ne8 19. Ne5 Qd6 20. f4 f6 21.
Nf3 Bc8 22. dxc5 bxc5 23. Qa5 Qb6 24. Qxb6 axb6 25. e4 Be6 26. exd5 Bxd5 27. b4
Rd8 28. Bg6 Nd6 29. bxc5 bxc5 30. Nh4 c4 31. Rd1 Rc5 32. Rcd2 Nb5 33. Nf5 Kf8
34. Ne3 Nc7 35. Be4 c3 36. Rf2 Ke7 37. Nxd5+ Nxd5 38. Re2
1/2-1/2

[Event "Sveins 10. minneturnering"]
[Site "Oslo"]
[Date "2017.06.23"]
[Round "4"]
[White "Al-Tarbosh, Ward"]
[Black "Lund, Gunnar"]
[Result "1/2-1/2"]
[WhiteElo "2248"]
[BlackElo "1914"]
[PlyCount "104"]
[EventDate "2017.??.??"]

1. e4 e5 2. Nf3 Nc6 3. Bb5 a6 4. Ba4 Nf6 5. O-O Be7 6. Qe2 b5 7. Bb3 O-O 8. c3
d5 9. d3 Be6 10. Bg5 h6 11. Bh4 Qd7 12. exd5 Nxd5 13. Bxe7 Qxe7 14. Nbd2 Rad8
15. g3 Rfe8 16. Rfe1 Nf6 17. Bxe6 Qxe6 18. Ne4 Nxe4 19. dxe4 Na5 20. Kg2 Rd6
21. b3 Red8 22. Rad1 Nb7 23. Rxd6 Qxd6 24. Qe3 Nc5 25. Re2 Qe7 26. b4 Na4 27.
Rd2 Rxd2 28. Qxd2 Qd6 29. Qc2 c5 30. a3 f6 31. h4 c4 32. Ne1 g6 33. Kf1 Qd7 34.
f3 Kf7 35. Ke2 Qh3 36. Kf2 Qd7 37. g4 Qa7+ 38. Ke2 Qg1 39. Qd2 Qh2+ 40. Kd1
Qxh4 41. Qd7+ Kf8 42. Qc8+ Kf7 43. Qb7+ Kf8 44. Qa8+ Kf7 45. Qa7+ Kf8 46. Qb8+
Kf7 47. Qc7+ Kf8 48. Qd8+ Kf7 49. Qd7+ Kf8 50. Qd8+ Kf7 51. Qd5+ Kf8 52. Qa8+
Kf7
1/2-1/2

[Event "Sveins 10. minneturnering"]
[Site "Oslo"]
[Date "2017.06.23"]
[Round "4"]
[White "Mac Arthur, John"]
[Black "Merkesvik, Sondre"]
[Result "0-1"]
[WhiteElo "1964"]
[BlackElo "2220"]
[PlyCount "60"]
[EventDate "2017.??.??"]

1. d4 Nf6 2. Nf3 g6 3. Bg5 d5 4. Nbd2 Bg7 5. Bxf6 exf6 6. e4 dxe4 7. Nxe4 f5 8.
Ng3 O-O 9. Qd2 c5 10. O-O-O cxd4 11. Nxd4 Qb6 12. Bc4 Nc6 13. Nge2 Rd8 14. c3
Nxd4 15. Nxd4 Bxd4 16. cxd4 Be6 17. Bxe6 Qxe6 18. Kb1 Qe4+ 19. Ka1 Qxg2 20. h4
h5 21. Rhg1 Qf3 22. Rg3 Qe4 23. Qh6 f4 24. Rg5 Rxd4 25. Rdg1 Rd6 26. Rxh5 Qd4
27. a3 Rad8 28. Rf5 Qxf2 29. Rfg5 Qc2 30. h5 Rd1+
0-1

[Event "Sveins 10. minneturnering"]
[Site "Oslo"]
[Date "2017.06.23"]
[Round "4"]
[White "Vestby-Ellingsen, Mads"]
[Black "Enersen, Eirik S"]
[Result "1-0"]
[WhiteElo "2179"]
[BlackElo "1705"]
[PlyCount "79"]
[EventDate "2017.??.??"]

1. e4 e6 2. d4 d5 3. Nc3 dxe4 4. Nxe4 Bd7 5. Nf3 Bc6 6. Bd3 Nd7 7. c3 Ngf6 8.
Nxf6+ Nxf6 9. Bf4 Bxf3 10. Qxf3 c6 11. O-O Qd5 12. Qe2 Be7 13. Rad1 Qxa2 14.
Be5 Qa5 15. f4 O-O-O 16. f5 Nd7 17. Bxg7 Rhg8 18. f6 Bd6 19. Bxh7 Bxh2+ 20.
Kxh2 Rh8 21. Bxh8 Rxh8 22. Rd3 Rxh7+ 23. Rh3 Qc7+ 24. Kh1 Rxh3+ 25. gxh3 Qg3
26. Qg2 Qxg2+ 27. Kxg2 Kd8 28. Kg3 Ke8 29. Kg4 Kf8 30. Kg5 Kg8 31. h4 Kh7 32.
c4 Kh8 33. d5 cxd5 34. cxd5 Nf8 35. d6 Nh7+ 36. Kh6 Nf8 37. Rc1 e5 38. Rc8 Kg8
39. Rxf8+ Kxf8 40. d7
1-0

[Event "Sveins 10. minneturnering"]
[Site "Oslo"]
[Date "2017.06.23"]
[Round "4"]
[White "Haubro, Sigfred"]
[Black "Vestjord, Harald Christian"]
[Result "1-0"]
[WhiteElo "2175"]
[BlackElo "1760"]
[PlyCount "81"]
[EventDate "2017.??.??"]

1. b4 e5 2. Bb2 d6 3. e3 Nf6 4. Nf3 Bg4 5. Be2 Be7 6. O-O O-O 7. a3 Nbd7 8. c4
c6 9. d3 e4 10. dxe4 Nxe4 11. Qc2 Ndf6 12. Nc3 Nxc3 13. Bxc3 Qc7 14. Rad1 Rad8
15. Rd2 d5 16. Bxf6 Bxf6 17. cxd5 Qb6 18. dxc6 Rxd2 19. Qxd2 Bxf3 20. Bxf3 bxc6
21. Rc1 Qa6 22. Qa2 Rc8 23. g3 g6 24. Qb3 Be7 25. h4 h5 26. a4 c5 27. b5 Qf6
28. Bd5 Kg7 29. Qc3 Qxc3 30. Rxc3 Rd8 31. Bc6 Rd1+ 32. Kg2 f5 33. Rc4 Kf6 34.
a5 Bd8 35. b6 axb6 36. a6 Be7 37. a7 Rd8 38. Ra4 Ke5 39. a8=Q Rxa8 40. Rxa8 c4
41. Kf3
1-0

[Event "Sveins 10. minneturnering"]
[Site "Oslo"]
[Date "2017.06.23"]
[Round "4"]
[White "Bergre, Joachim"]
[Black "Greibrokk, Ingrid"]
[Result "1/2-1/2"]
[WhiteElo "2053"]
[BlackElo "1936"]
[PlyCount "87"]
[EventDate "2017.??.??"]

1. Nf3 d5 2. g3 g6 3. Bg2 Bg7 4. O-O e5 5. d3 Ne7 6. e4 O-O 7. Nc3 c6 8. h3 f5
9. exd5 Nxd5 10. Nd2 Be6 11. Nxd5 Bxd5 12. Bxd5+ cxd5 13. c4 Nc6 14. Nf3 dxc4
15. dxc4 e4 16. Ng5 Nd4 17. Be3 Re8 18. c5 h6 19. Bxd4 Qxd4 20. Qb3+ Kh8 21.
Nf7+ Kh7 22. Nd6 Re7 23. Rfd1 Qxc5 24. Rac1 Qb6 25. Qxb6 axb6 26. Nc8 Rf7 27.
Nxb6 Rxa2 28. Nc4 Re7 29. b3 b5 30. Ne3 Rea7 31. Rc5 b4 32. h4 h5 33. Rc4 Rb7
34. Nd5 Rb2 35. Nxb4 Rxb3 36. Nd5 Rd3 37. Rcc1 Rd7 38. Ne3 Bh6 39. Re1 Bxe3 40.
Rxe3 Rxe3 41. fxe3 Rd2 42. Kf1 Rh2 43. Rc7+ Kg8 44. Ra7
1/2-1/2

[Event "Sveins 10. minneturnering"]
[Site "Oslo"]
[Date "2017.06.23"]
[Round "4"]
[White "Toby, Albert"]
[Black "Svanholm, Børge W"]
[Result "1/2-1/2"]
[WhiteElo "2015"]
[BlackElo "1756"]
[PlyCount "153"]
[EventDate "2017.??.??"]

1. d4 Nf6 2. Bg5 e6 3. Nd2 h6 4. Bh4 d5 5. e3 Be7 6. Bd3 Nbd7 7. f4 c5 8. c3 g6
9. Ngf3 b6 10. Ne5 Bb7 11. O-O Nxe5 12. fxe5 Ne4 13. Qa4+ Kf8 14. Bxe4 dxe4 15.
Bxe7+ Qxe7 16. Nc4 Qe8 17. Qa3 Qe7 18. Rf6 Bc6 19. Nd6 Be8 20. dxc5 bxc5 21.
Raf1 Rh7 22. Qxc5 Kg8 23. b4 a6 24. Nxe4 Qxc5 25. Nxc5 a5 26. Rd1 axb4 27. cxb4
Kg7 28. Rf2 Rh8 29. Ne4 Ba4 30. Rd4 Rhc8 31. Nc5 Bb5 32. h4 h5 33. g4 hxg4 34.
Rxg4 Rh8 35. Rgf4 Be8 36. a4 Rh5 37. Rc2 Bxa4 38. Nxa4 Rxa4 39. Rc5 Ra1+ 40.
Kg2 Rb1 41. b5 Rh8 42. Rc7 Rf8 43. Rb7 Rb2+ 44. Kf3 Rb1 45. Ke2 Rb3 46. Rd4
Rb2+ 47. Kd3 Rb3+ 48. Kd2 Ra8 49. Rf4 Rf8 50. Ke2 Ra3 51. Rc4 Kh6 52. Rcc7 Kg7
53. Kf3 Rb3 54. Rc6 Kh6 55. Rcc7 Kg7 56. Ke4 Rb4+ 57. Kd3 Rxh4 58. b6 Rb4 59.
Rc4 Rb3+ 60. Kd4 g5 61. Kc5 Rc8+ 62. Rc7 Rb8 63. Rc6 Kg6 64. Rb4 Rxb4 65. Kxb4
g4 66. Kb5 Kf5 67. Rc4 g3 68. Rf4+ Kxe5 69. Rxf7 Rg8 70. Rf1 Ke4 71. b7 Kxe3
72. Re1+ Kf2 73. Rxe6 g2 74. Rf6+ Ke3 75. Re6+ Kf2 76. Rf6+ Ke3 77. Re6+
1/2-1/2

[Event "Sveins 10. minneturnering"]
[Site "Oslo"]
[Date "2017.06.23"]
[Round "4"]
[White "Neuzil, Torey G"]
[Black "Huse, Sigurd Kjelsbøl"]
[Result "0-1"]
[WhiteElo "1743"]
[BlackElo "1971"]
[PlyCount "86"]
[EventDate "2017.??.??"]

1. d4 d5 2. Bf4 c6 3. c3 Nf6 4. e3 Bf5 5. h3 e6 6. Qb3 b6 7. Nf3 Bd6 8. Bxd6
Qxd6 9. c4 O-O 10. Nc3 h6 11. Rc1 Nbd7 12. cxd5 exd5 13. Be2 c5 14. O-O c4 15.
Qd1 a6 16. b3 b5 17. bxc4 bxc4 18. Qa4 Ne4 19. Nxe4 Bxe4 20. Nd2 Nf6 21. Nxe4
Nxe4 22. Qc2 Rfe8 23. Rb1 Rab8 24. Rxb8 Rxb8 25. Rb1 Rxb1+ 26. Qxb1 Nc3 27. Qb2
Nxe2+ 28. Qxe2 Qb4 29. Qg4 Qe1+ 30. Kh2 Qxf2 31. Qc8+ Kh7 32. Qxa6 f5 33. Qe6
c3 34. Qxd5 c2 35. Qc5 h5 36. a4 h4 37. Qc3 f4 38. Qd3+ g6 39. Qc3 fxe3 40.
Qc7+ Kh6 41. Qc3 Qg3+ 42. Kh1 e2 43. Qd2+ Qg5
0-1

[Event "Sveins 10. minneturnering"]
[Site "Oslo"]
[Date "2017.06.23"]
[Round "4"]
[White "Rødsmoen, Maud"]
[Black "Sidali, Elias Hulleberg"]
[Result "1-0"]
[WhiteElo "1947"]
[BlackElo "1675"]
[PlyCount "115"]
[EventDate "2017.??.??"]

1. e4 c6 2. d4 d5 3. e5 c5 4. dxc5 e6 5. Be3 Nd7 6. Bb5 Ne7 7. f4 Nf5 8. Bf2 h5
9. Nf3 Qa5+ 10. Nc3 a6 11. c6 axb5 12. cxd7+ Bxd7 13. O-O Be7 14. Nd4 Nxd4 15.
Qxd4 Rc8 16. Qd1 Qb4 17. Qc1 Qc4 18. Qe3 Bc5 19. Qg3 Kf8 20. a3 d4 21. Ne4 Qxc2
22. Nxc5 Qxc5 23. Rad1 b4 24. Rxd4 Qb5 25. Rxb4 Qd5 26. Rd4 Qb5 27. Rfd1 Be8
28. b4 Rh6 29. R4d2 Kg8 30. Bc5 Bc6 31. Qh4 Qa4 32. Qh3 Rg6 33. Qxh5 Rxg2+ 34.
Rxg2 Bxg2 35. Kxg2 Qc2+ 36. Kg3 Qb3+ 37. Qf3 Qc2 38. Qd3 Rxc5 39. bxc5 Qxc5 40.
Qf3 Qc7 41. Rb1 b6 42. Qe3 Qc2 43. Rc1 Qg6+ 44. Kf2 Qh5 45. Qg3 g6 46. Ke3 Qf5
47. Qh4 Qh5 48. Qxh5 gxh5 49. Rb1 Kg7 50. Rxb6 Kg6 51. Ke4 h4 52. f5+ Kg5 53.
fxe6 f5+ 54. Kf3 f4 55. e7 h3 56. e8=Q Kf5 57. Qg6+ Kxe5 58. Qe4#
1-0

[Event "Sveins 10. minneturnering"]
[Site "Oslo"]
[Date "2017.06.23"]
[Round "4"]
[White "Omtvedt, Per"]
[Black "Røneid, Heidi"]
[Result "1-0"]
[WhiteElo "1934"]
[BlackElo "1702"]
[PlyCount "97"]
[EventDate "2017.??.??"]

1. e4 c5 2. Nf3 Nc6 3. d4 cxd4 4. Nxd4 e6 5. Nc3 Qc7 6. Nf3 a6 7. Bd3 Nf6 8.
Qe2 d6 9. O-O Be7 10. a4 O-O 11. h3 b6 12. Be3 Bb7 13. Nd2 d5 14. exd5 exd5 15.
Nb3 Rfe8 16. Qd1 Rad8 17. Ne2 Nd7 18. Nbd4 Bc5 19. Nxc6 Qxc6 20. Nd4 Qf6 21. c3
Ne5 22. b3 Nxd3 23. Qxd3 Re5 24. Nf3 Rh5 25. Bd4 Qh6 26. Rfe1 Bc8 27. Qe3 Qxe3
28. Rxe3 Rh6 29. Kf1 Bf5 30. a5 Bc2 31. b4 Bf8 32. axb6 Bb3 33. Nd2 Bc4+ 34.
Nxc4 dxc4 35. Rxa6 Rb8 36. Re2 Rc6 37. Rea2 Rcc8 38. Ra7 Bd6 39. Rd7 Rd8 40.
Raa7 Bf8 41. Rxf7 Rxd4 42. cxd4 Rxb6 43. Rfb7 Re6 44. Ra8 c3 45. Rc8 Re4 46.
Rbb8 Rf4 47. Rxf8+ Rxf8 48. Rxf8+ Kxf8 49. Ke2
1-0

[Event "Sveins 10. minneturnering"]
[Site "Oslo"]
[Date "2017.06.23"]
[Round "4"]
[White "Folkvord, Svein"]
[Black "Gaure, Sigurd Lauvas"]
[Result "1-0"]
[WhiteElo "1885"]
[BlackElo "1532"]
[PlyCount "61"]
[EventDate "2017.??.??"]

1. d4 Nf6 2. c4 g6 3. Nc3 Bg7 4. e4 d6 5. Nf3 O-O 6. Be2 Nbd7 7. O-O e5 8. Re1
exd4 9. Nxd4 Re8 10. f3 Ne5 11. Bg5 Be6 12. Nxe6 fxe6 13. Qb3 Rb8 14. Rad1 Qe7
15. f4 Nc6 16. Bf3 Qf7 17. c5 dxc5 18. e5 Nd7 19. Bxc6 bxc6 20. Qc2 h6 21. Bh4
Qxf4 22. Rxd7 Qxh4 23. g3 Qh5 24. Na4 Qf5 25. Qe2 c4 26. Rxc7 Rb5 27. Nc3 Rxe5
28. Rxg7+ Kxg7 29. Qxe5+ Qxe5 30. Rxe5 Rb8 31. Re2
1-0

[Event "Sveins 10. minneturnering"]
[Site "Oslo"]
[Date "2017.06.23"]
[Round "4"]
[White "Sundsbo, Sigve"]
[Black "Landsverk, Ida"]
[Result "1-0"]
[WhiteElo "1796"]
[BlackElo "1415"]
[PlyCount "87"]
[EventDate "2017.??.??"]

1. d4 Nf6 2. c4 c5 3. d5 b5 4. cxb5 a6 5. bxa6 Bxa6 6. Nc3 g6 7. e4 Bxf1 8.
Kxf1 d6 9. g3 Bg7 10. Kg2 O-O 11. h3 Nfd7 12. Nf3 Qa5 13. Bg5 Re8 14. Qc2 Nb6
15. Nd2 N8d7 16. Rhc1 h6 17. Be3 Reb8 18. b3 Qa6 19. a4 c4 20. b4 Ne5 21. a5
Nd3 22. axb6 Qxa1 23. Rxa1 Rxa1 24. Kh2 Rc1 25. Qa4 Bxc3 26. Qa7 Re8 27. Nf3
Ra1 28. Qd7 Raa8 29. b7 Rad8 30. Qc7 Nc5 31. Bxc5 dxc5 32. Qxc5 Bf6 33. e5 Bg5
34. h4 Bc1 35. Qxc4 Bb2 36. Qc6 Kg7 37. Kg2 Ba3 38. Qc3 Rb8 39. Qxa3 Rxb7 40.
Nd4 f6 41. exf6+ exf6 42. b5 Re1 43. d6 Rd1 44. Qc5
1-0

[Event "Sveins 10. minneturnering"]
[Site "Oslo"]
[Date "2017.06.23"]
[Round "4"]
[White "Tenold, Andreas"]
[Black "Næss, Sara"]
[Result "1-0"]
[WhiteElo "1705"]
[BlackElo "1795"]
[PlyCount "69"]
[EventDate "2017.??.??"]

1. c4 Nf6 2. Nf3 g6 3. Nc3 Bg7 4. d4 O-O 5. e3 d6 6. Be2 c5 7. O-O Nc6 8. b3 a6
9. Bb2 Bd7 10. Qd2 Qc7 11. Rfd1 Rfd8 12. Rac1 Na7 13. Nd5 Nxd5 14. cxd5 Rac8
15. b4 Ba4 16. Re1 Qd7 17. dxc5 dxc5 18. Bxg7 Kxg7 19. Rxc5 Rxc5 20. Qd4+ Kg8
21. Qxc5 b5 22. Ne5 Qxd5 23. Qxe7 Nc8 24. Qh4 Rf8 25. Ng4 Qd2 26. Kf1 f5 27.
Ne5 f4 28. exf4 Qxf4 29. Bg4 Kg7 30. Nd3 Qd4 31. Qg3 Nd6 32. Nc5 Kh8 33. Ne6
Qc4+ 34. Kg1 Nf5 35. Qe5+
1-0

[Event "Sveins 10. minneturnering"]
[Site "Oslo"]
[Date "2017.06.23"]
[Round "4"]
[White "Chachkes, George D"]
[Black "Skaslien, Ingrid"]
[Result "1-0"]
[WhiteElo "1681"]
[BlackElo "1773"]
[PlyCount "57"]
[EventDate "2017.??.??"]

1. d4 Nf6 2. c4 b6 3. Nc3 Bb7 4. e3 e6 5. Nf3 Bb4 6. a3 Bxc3+ 7. bxc3 d6 8. Bd3
Nbd7 9. Qe2 e5 10. e4 Qe7 11. d5 Nc5 12. Bc2 h6 13. Nh4 g6 14. O-O Bc8 15. g3
Nh5 16. Kg2 Ng7 17. Bd2 Qd7 18. Qf3 Qe7 19. Rae1 Ba6 20. Qe2 h5 21. f4 exf4 22.
e5 O-O-O 23. e6 Rhe8 24. Rxf4 fxe6 25. Nxg6 Qd7 26. Qf2 Nf5 27. Rxf5 exd5 28.
Rf7 Qc6 29. Ne7+
1-0

[Event "Sveins 10. minneturnering"]
[Site "Oslo"]
[Date "2017.06.23"]
[Round "4"]
[White "Papanek, Ella Sharpe"]
[Black "Hestvik, Elias"]
[Result "1-0"]
[WhiteElo "1671"]
[BlackElo "1192"]
[PlyCount "73"]
[EventDate "2017.??.??"]

1. d4 Nf6 2. c4 e6 3. Nc3 d5 4. cxd5 exd5 5. Bg5 Bb4 6. e3 c6 7. Bd3 Be6 8.
Nge2 Nbd7 9. O-O h6 10. Bh4 O-O 11. f3 Bxc3 12. bxc3 c5 13. Rc1 cxd4 14. cxd4
Rc8 15. Qd2 Rxc1 16. Rxc1 Qb8 17. Bg3 Qd8 18. Nc3 Nb6 19. Nb5 a6 20. Nd6 Qd7
21. Qb4 Nc8 22. Nxb7 Nh5 23. Rc7 Qe8 24. Nd6 Nxd6 25. Bxd6 Qd8 26. Bxa6 Re8 27.
Bb5 Rf8 28. Qc5 Qh4 29. Kf1 Rb8 30. a4 Qd8 31. Be7 Rxb5 32. Bxd8 Rxc5 33. Rxc5
Bf5 34. Ke2 Nf6 35. Bxf6 gxf6 36. a5 h5 37. a6
1-0

[Event "Sveins 10. minneturnering"]
[Site "Oslo"]
[Date "2017.06.23"]
[Round "4"]
[White "Grindbakken, Erik"]
[Black "Vestby, Anniken"]
[Result "1-0"]
[WhiteElo "1624"]
[BlackElo "1336"]
[PlyCount "77"]
[EventDate "2017.??.??"]

1. c4 f5 2. g3 Nf6 3. Bg2 e6 4. Nc3 c6 5. e4 fxe4 6. Nxe4 d5 7. cxd5 exd5 8.
Nxf6+ Qxf6 9. Qf3 Qxf3 10. Nxf3 Bd6 11. d4 Nd7 12. O-O O-O 13. Re1 b6 14. Re6
Rf6 15. Re2 Ba6 16. Re3 c5 17. Bd2 cxd4 18. Nxd4 Bc5 19. Bxd5+ Kf8 20. Ne6+
Rxe6 21. Rxe6 Rd8 22. Bg5 Nf6 23. Bb3 Rc8 24. Bxf6 gxf6 25. Rxf6+ Kg7 26. Rf7+
Kh6 27. Re1 Rc6 28. Rxa7 Bc8 29. Bg8 Bf5 30. Bd5 Rd6 31. Be4 Bg4 32. Rxh7+ Kg5
33. h4+ Kf6 34. Rh6+ Kg7 35. Rxd6 Bxd6 36. f3 Bxg3 37. Re2 Bh3 38. a4 Bxh4 39.
Rh2
1-0

[Event "Sveins 10. minneturnering"]
[Site "Oslo"]
[Date "2017.06.23"]
[Round "4"]
[White "Grønn, Embla Ekeland"]
[Black "Amarapala, Sheroni"]
[Result "1-0"]
[WhiteElo "1616"]
[BlackElo "1471"]
[PlyCount "99"]
[EventDate "2017.??.??"]

1. d4 d5 2. Nc3 Nf6 3. Bg5 Bf5 4. f3 e6 5. e4 dxe4 6. fxe4 Bg4 7. Bxf6 Qxf6 8.
Qxg4 Qxd4 9. Bd3 g6 10. O-O-O Qe3+ 11. Kb1 Qb6 12. Bc4 Nd7 13. Nge2 O-O-O 14.
Qg5 a6 15. Rd3 Bg7 16. Rhd1 Bf6 17. Qf4 g5 18. Qe3 Nc5 19. Rxd8+ Rxd8 20. Rxd8+
Kxd8 21. e5 Be7 22. Ne4 Nxe4 23. Qxe4 Qb4 24. Qd3+ Kc8 25. a3 Qb6 26. Qxh7 Bxa3
27. Qg8+ Kd7 28. Qxf7+ Kd8 29. Qg8+ Kd7 30. Bxe6+ Qxe6 31. Qxe6+ Kxe6 32. bxa3
Kxe5 33. Kc1 Ke4 34. Kd2 g4 35. h3 gxh3 36. gxh3 Kf5 37. Ke3 Kg5 38. Ke4 Kh4
39. Ng1 c6 40. Ke5 c5 41. Kd5 b6 42. Kc6 c4 43. Kxb6 a5 44. Kxa5 c3 45. Kb6 Kg3
46. a4 Kf4 47. a5 Kf5 48. a6 Ke6 49. a7 Kf6 50. a8=Q
1-0

[Event "Sveins 10. minneturnering"]
[Site "Oslo"]
[Date "2017.06.23"]
[Round "4"]
[White "Sharma, Neil E"]
[Black "Evenshaug, Amadeus Hestvik"]
[Result "1-0"]
[WhiteElo "1402"]
[BlackElo "1214"]
[PlyCount "133"]
[EventDate "2017.??.??"]

1. d4 Nf6 2. c4 e6 3. Nf3 c5 4. e3 Nc6 5. Nc3 d5 6. Be2 Be7 7. O-O O-O 8. Re1
Re8 9. Bf1 h6 10. dxc5 Bxc5 11. cxd5 Nxd5 12. Bd2 Bb4 13. Qc2 Qa5 14. Rec1 Bxc3
15. Bxc3 Ncb4 16. Bxb4 Qxb4 17. Bc4 Nb6 18. a3 Qa5 19. Qe4 f5 20. Qd4 Nxc4 21.
Rxc4 Rd8 22. Qc3 Qxc3 23. Rxc3 Bd7 24. Ne5 Rac8 25. Rxc8 Bxc8 26. Rc1 Kf8 27.
h3 Ke7 28. Kh2 Kf6 29. Nf3 Bd7 30. Rd1 Ke7 31. Ne5 Bc6 32. Rxd8 Kxd8 33. Kg3
Ke7 34. Nxc6+ bxc6 35. Kf4 Kf6 36. e4 e5+ 37. Ke3 Kg5 38. exf5 Kxf5 39. b4 a6
40. Kd3 Kf4 41. Kc4 Ke4 42. Kc5 Kd3 43. Kxc6 Ke2 44. Kb6 Kxf2 45. Kxa6 e4 46.
b5 e3 47. b6 e2 48. b7 e1=Q 49. b8=Q Qe2+ 50. Qb5 Qe6+ 51. Qb6+ Qxb6+ 52. Kxb6
Kxg2 53. a4 Kxh3 54. a5 g5 55. a6 g4 56. a7 g3 57. a8=Q Kh2 58. Qa2+ g2 59. Qf2
Kh1 60. Qh4+ Kg1 61. Kc5 Kf1 62. Qh3 Kg1 63. Kd4 h5 64. Ke3 h4 65. Kf3 Kf1 66.
Qxg2+ Ke1 67. Qe2#
1-0